Central Library OPAC University of Rajshahi

Islam, South Asia, and the West / (Record no. 13740)

MARC details
000 -LEADER
fixed length control field 00831pam a2200265 a 4500
001 - CONTROL NUMBER
control field 13740
003 - CONTROL NUMBER IDENTIFIER
rucl marc code BD-RjUL
005 - DATE AND TIME OF LATEST TRANSACTION
control field 20211208235514.0
008 - FIXED-LENGTH DATA ELEMENTS--GENERAL INFORMATION
fixed length control field 140201r20112007ii 000 0 eng d
020 ## - INTERNATIONAL STANDARD BOOK NUMBER
International Standard Book Number 9780195698350 (pbk.)
International Standard Book Number 0195698355 (pbk.)
035 ## - SYSTEM CONTROL NUMBER
System control number (Uk)014845859
-- (BD-RjUL)13792
040 ## - CATALOGING SOURCE
Original cataloging agency StDuBDS
Language of cataloging eng
Transcribing agency StDuBDS
Modifying agency Uk
-- BD-RjUL
041 ## - LANGUAGE CODE
Language code of text/sound track or separate title eng
082 04 - DEWEY DECIMAL CLASSIFICATION NUMBER
Classification number 297.0954
Edition number 22
Author mark and year ROI 2011
100 1# - MAIN ENTRY--PERSONAL NAME
Personal name Robinson, Francis.
9 (RLIN) 42990
245 10 - TITLE STATEMENT
Title Islam, South Asia, and the West /
Statement of responsibility, etc. Francis Robinson.
260 ## - PUBLICATION, DISTRIBUTION, ETC. (IMPRINT)
Place of publication, distribution, etc. Delhi ;
-- Oxford :
Name of publisher, distributor, etc. Oxford University Press,
Date of publication, distribution, etc. c2007 [Impression 2011]..
300 ## - PHYSICAL DESCRIPTION
Pagination vi, 308 p. ;
Size 21 cm.
490 1# - SERIES STATEMENT
Series statement Oxford India Paperbacks
500 ## - GENERAL NOTE
General note Includes index.
650 #0 - SUBJECT ADDED ENTRY--TOPICAL TERM
Topical term or geographic name as entry element Islam
Geographic subdivision South Asia
General subdivision History.
9 (RLIN) 42991
830 #0 - SERIES ADDED ENTRY--UNIFORM TITLE
Uniform title Oxford India paperbacks
942 ## - ADDED ENTRY ELEMENTS (KOHA)
Source of classification or shelving scheme Dewey Decimal Classification
Koha item type Books
Holdings
Lost status Source of classification or shelving scheme Damaged status Not for loan Permanent Location Current Location Shelving location Date acquired Source of acquisition Cost, normal purchase price Total Checkouts Full call number Date last seen Copy number Koha item type Collection code
  Dewey Decimal Classification     Central Library, University of Rajshahi Central Library, University of Rajshahi   07/09/2013 Associated Business 500.00   297.0954 ROI 2011 01/02/2014 C-2 Books  
  Dewey Decimal Classification   Not For Loan Central Library, University of Rajshahi Central Library, University of Rajshahi Reading Room 04/07/2013 Dhaka, Paragon Enterprise ltd. 578.00   297.0954 ROI 2011 04/12/2016 C-1 Books Non-fiction